Antología del humor negro español: del lazarillo a bergamín

Guardat en:
Dades bibliogràfiques
Autor principal: Serra, Cristóbal (Autor)
Format: Llibre
Idioma:espanyol
Publicat: Barcelona Tusquets 1976
Col·lecció:Cuadernos Marginales, 51
Matèries:
Etiquetes: Afegir etiqueta
Sense etiquetes, Sigues el primer a etiquetar aquest registre!

MARC

LEADER 00000nam a2200000 a 4500
001 UCO5096
003 CL-VaPUC
008 000825e19760000SP |||||||||||||||||spa|d
082 0 4 |a 867  |b SER  |2 21 
100 0 |a Serra, Cristóbal  |e author  |9 449844 
245 1 0 |a Antología del humor negro español: del lazarillo a bergamín 
300 |a 367 p 
942 |c BK 
945 |d 20000825 00:00:00  |a crobeson 
260 |a Barcelona  |b Tusquets  |c 1976 
650 0 |a Sátiras españolas  |9 267790 
650 7 |a HUMOR NEGRO  |2 CL-VaPUC  |9 449845 
650 0 |a Literatura española  |9 306261 
650 0 |a Antologías  |9 309836 
583 |a last modification  |c 20000825 00:00:00  |k Rodrigo Vera 
490 0 |a Cuadernos Marginales, 51 
999 |c 291049  |d 291047 
952 |0 0  |1 0  |4 0  |6 867_000000000000000_SER_1976  |7 0  |8 A  |9 340706  |a BIBART  |b BIBART  |d 2019-11-20  |i 1218964  |o 867 SER 1976  |p 1218964  |r 2025-03-13  |w 2019-11-20  |y BK  |k ART